[Event "HUN-chT2 Charousek 0405"]
[Site "Hungary"]
[Date "2004.09.26"]
[Round "1"]
[White "Sztruhar, Zsuzsa"]
[Black "Majdanics, Antal"]
[Result "0-1"]
[WhiteElo "2024"]
[BlackElo "2157"]
[PlyCount "32"]
[EventDate "2004.09.26"]
[EventType "team"]
[EventRounds "11"]
[EventCountry "HUN"]
[SourceTitle "EXT 2008"]
[Source "ChessBase"]
[SourceDate "2007.11.25"]
[SourceVersion "1"]
[SourceVersionDate "2007.11.25"]
[SourceQuality "1"]
[WhiteTeam "Geniusz Tata"]
[BlackTeam "Gyor Elektromos"]
[WhiteTeamCountry "HUN"]
[BlackTeamCountry "HUN"]

1. e4 e5 2. Nf3 Nf6 3. d4 Nxe4 4. Bd3 d5 5. Nxe5 Nd7 6. Nxf7 Qe7 7. Ne5 Nxe5 8. dxe5 Qxe5 9. Qe2 Bd6 10. f4 Qe7 11. 0-0 0-0 12. Nd2 Bf5 13. Re1 Bc5+ 14. Kf1 Rae8 15. g4 Qh4 16. Qg2 Bxg4 0-1

[Event "HUN-chT2 Charousek 0304"]
[Site "Hungary"]
[Date "2004.03.21"]
[Round "9"]
[White "Kovacs, Zoltan"]
[Black "Sztruhar, Zsuzsa"]
[Result "1/2-1/2"]
[WhiteElo "2121"]
[BlackElo "2049"]
[PlyCount "29"]
[EventDate "2003.09.28"]
[EventType "team"]
[EventRounds "11"]
[EventCountry "HUN"]
[SourceTitle "EXT 2005"]
[Source "ChessBase"]
[SourceDate "2004.11.15"]
[SourceVersion "1"]
[SourceVersionDate "2004.11.15"]
[SourceQuality "1"]

1. e4 c5 2. c3 d5 3. exd5 Qxd5 4. d4 Nf6 5. Na3 cxd4 6. Nb5 Na6 7. Qxd4 e5 8. Qa4 Bd7 9. Be3 Be7 10. Qxa6 bxa6 11. Nc7+ Kf8 12. Nxd5 Nxd5 13. Bxa6 Nxe3 14. fxe3 Bh4+ 15. Kf1 1/2-1/2

[Event "HUN-chT2 Charousek 0304"]
[Site "Hungary"]
[Date "2003.11.16"]
[Round "3"]
[White "Sztruhar, Zsuzsa"]
[Black "Bardossi, Jeno"]
[Result "0-1"]
[WhiteElo "2049"]
[BlackElo "2226"]
[PlyCount "68"]
[EventDate "2003.09.28"]
[EventType "team"]
[EventRounds "11"]
[EventCountry "HUN"]
[SourceTitle "EXT 2005"]
[Source "ChessBase"]
[SourceDate "2004.11.15"]
[SourceVersion "1"]
[SourceVersionDate "2004.11.15"]
[SourceQuality "1"]

1. e4 c5 2. Nf3 e6 3. d4 cxd4 4. Nxd4 Nc6 5. Be3 Nf6 6. Bd3 d5 7. Nxc6 bxc6 8. e5 Nd7 9. f4 Ba6 10. c4 Bc5 11. Bd2 Nb6 12. Na3 dxc4 13. Be4 Rc8 14. Qf3 Qc7 15. Qg4 g6 16. h4 h5 17. Qf3 Na4 18. Rb1 Bd4 19. b3 cxb3 20. axb3 Nc5 21. Bc2 Nb7 22. Nc4 Bb5 23. Be4 a5 24. Bc3 Bc5 25. Nd6+ Nxd6 26. exd6 Bxd6 27. Bxh8 Bxf4 28. Rf1 Bg3+ 29. Rf2 f5 30. Bd3 Bxd3 31. Qxd3 Qf4 32. Qf3 Bxf2+ 33. Qxf2 Qe4+ 34. Qe2 Qxb1+ 0-1

[Event "HUN-chT2 Charousek 0203"]
[Site "Hungary"]
[Date "2002.12.08"]
[Round "4.11"]
[White "Szuliman, Gyula"]
[Black "Sztruhar, Zsuzsa"]
[Result "1/2-1/2"]
[WhiteElo "2128"]
[BlackElo "2037"]
[PlyCount "37"]
[EventDate "2002.09.22"]
[EventType "team"]
[EventRounds "11"]
[EventCountry "HUN"]
[SourceTitle "EXT 2004"]
[Source "ChessBase"]
[SourceDate "2003.11.25"]
[SourceVersion "1"]
[SourceVersionDate "2003.11.25"]
[SourceQuality "1"]
[WhiteTeam "Szenna Pack"]
[BlackTeam "Geniusz Tata"]
[WhiteTeamCountry "HUN"]
[BlackTeamCountry "HUN"]

1. e4 c5 2. Nf3 e6 3. d4 cxd4 4. Nxd4 a6 5. Nc3 Qc7 6. Bd3 Nf6 7. 0-0 Bd6 8. h3 Nc6 9. Nxc6 dxc6 10. Be3 h5 11. f4 e5 12. f5 b5 13. Qf3 Bb7 14. Rad1 Rd8 15. Qg3 Kf8 16. a3 c5 17. Qf2 Qe7 18. Qh4 Qc7 19. Qf2 1/2-1/2

[Event "Budapest FS11 FM"]
[Site "Budapest"]
[Date "2001.??.??"]
[Round "11"]
[White "Koczo, Kristof"]
[Black "Sztruhar, Zsuzsa"]
[Result "1/2-1/2"]
[WhiteElo "2000"]
[BlackElo "2085"]
[PlyCount "23"]
[EventDate "2001.11.03"]
[EventType "tourn"]
[EventRounds "13"]
[EventCountry "HUN"]
[SourceTitle "CBM 085 Extra"]
[Source "ChessBase"]
[SourceDate "2002.01.21"]
[SourceVersion "1"]
[SourceVersionDate "2002.01.21"]
[SourceQuality "1"]

1. e4 c5 2. Nc3 Nc6 3. f4 e6 4. Nf3 d5 5. Bb5 a6 6. Bxc6+ bxc6 7. 0-0 Nf6 8. Qe2 Be7 9. e5 Nd7 10. d3 0-0 11. b3 Rb8 12. Kh1 1/2-1/2

[Event "Budapest FS11 FM"]
[Site "Budapest"]
[Date "2001.??.??"]
[Round "9"]
[White "Serreau, David"]
[Black "Sztruhar, Zsuzsa"]
[Result "1-0"]
[WhiteElo "2000"]
[BlackElo "2085"]
[PlyCount "53"]
[EventDate "2001.11.03"]
[EventType "tourn"]
[EventRounds "13"]
[EventCountry "HUN"]
[SourceTitle "CBM 085 Extra"]
[Source "ChessBase"]
[SourceDate "2002.01.21"]
[SourceVersion "1"]
[SourceVersionDate "2002.01.21"]
[SourceQuality "1"]

1. Nf3 Nf6 2. c4 g6 3. b3 Bg7 4. Bb2 0-0 5. g3 c5 6. Bg2 Nc6 7. 0-0 e6 8. d4 cxd4 9. Nxd4 d5 10. Nd2 Qb6 11. e3 Re8 12. N2f3 dxc4 13. Nxc6 bxc6 14. Ne5 Bb7 15. Nxc4 Qc5 16. Bd4 Qe7 17. Qe2 Rac8 18. Rac1 c5 19. Bxb7 Qxb7 20. Nd6 Qa8 21. Nxe8 cxd4 22. Nxg7 Rxc1 23. Rxc1 Kxg7 24. exd4 Ne4 25. Qf3 f5 26. Rc7+ Kg8 27. Qf4 1-0